000 00536nam a2200217Ia 4500
003 LK-CoDNM
005 20240801090740.0
008 010623t1924 xxu||||| |||| 00| 1 eng d
040 _aLK-CoDNM
_dLK-CoDNM
_eLK-CoDNM
041 _aeng
080 _a8
_bM5
100 _aRice,Stanley.
245 _aTales from the Mahabharata
260 _bSelwyn and Blount
_aLondon
_c1924
300 _b125p : ill , ill ; 21 cm
650 _aBhisma
650 _aNala and Damayanthi
650 _aSakuntala
650 _aSavitri
942 _cBK
999 _c92177
_d92177